Actors Who've Voiced Disney Characters - Sudden Death - Statistics

General Stats
  • This quiz has been taken 96 times
  • The average score is 6 of 15
Answers on the Grid
Answers color-coded by a green-red scale on the quiz's grid according to % correct below.
Robin Williams
Eddie Murphy
Leonardo DiCaprio
Idina Menzel
Julia Roberts
Brad Pitt
Angelina Jolie
Mandy Moore
Johnny Depp
Tom Hanks
Tim Allen
Sandra Bullock
Josh Gad
Matthew McConaughey
Scarlett Johansson
Ellen DeGeneres
Oprah Winfrey
Dwayne Johnson
Anne Hathaway
Emma Thompson
Jake Gyllenhaal
Tom Holland
Chris Pratt
Ryan Gosling
Kristen Bell
Natalie Portman
George Clooney
Owen Wilson
Keanu Reeves
Meryl Streep
 
Answer Stats
Answer % Correct
Robin Williams
85%
Idina Menzel
57%
Eddie Murphy
56%
Tom Hanks
52%
Tim Allen
46%
Mandy Moore
43%
Josh Gad
41%
Dwayne Johnson
36%
Ellen DeGeneres
34%
Kristen Bell
34%
Owen Wilson
20%
Emma Thompson
18%
Tom Holland
18%
Chris Pratt
15%
Oprah Winfrey
15%
No matching quizzes found
Score Distribution
Percent of People with Each Score
Percentile by Number Answered
Your Score History
You have not taken this quiz